000 00348nam a2200109Ia 4500
008 220216s9999 xx 000 0 und d
100 _aAkasaka T
245 0 _aContact pressure distribution of radial tire in motion
260 _bProceedings of the International Rubber Conference, Kobe, Japan, 1995; p410-413
650 _aRadial tire
942 _cJS
999 _c56232
_d56232